MDQL
is popping MORE tags! Check the
thread
!
Quizzes
Events
Quiz Creation
Community
Videos
Private Events
Remove Ads
Sign In
Join for FREE
Feedback
Dark Mode
Quiz Categories
Sports
Geography
Music
Movies
Television
Just For Fun
Miscellaneous
History
Literature
Language
Science
Gaming
Entertainment
Religion
Holiday
For Kids
Quiz Lab
Recent
Popular Today
Quiz Kudos Today
Editor Picks
Curator Picks
Quizzes by...
Day
Popularity
Type
Ratings
Length
Year
Community
Subscriptions
Recent Discussions
Orange Saloon
Badges
Playlists
Quests
Create
Leaderboards
Showdown
Live 5
Trivia Bingo
Activity
Puzzle Library
Sporcle Events
Private Events
Virtual Trivia
Globe League
Become a Host
Pub Owners
SporcleCon
Opinionation
Our Games
Videos
Blog
Mobile Apps
Partnerships
Remove Ads and Go Orange
Feedback
Language
Vocabulary
Begins and Ends
Definition
Spanish
French
German
Italian
Chinese
Latin
Translation
Japanese
Language
Vocabulary
Begins and Ends
Definition
Spanish
French
German
Italian
Chinese
Latin
Translation
Japanese
Random Quiz
Search Sporcle
×
Quiz Lab
Quiz Lab
Language
Letter
Type in answers that appear in a list
Type in answers that appear in a list
Classic
Best Score? Go Orange.
50 Word Chain 2 Stats
Can you name the word that differs from the previous word by only one letter?
By
sreyno
10m
50 Questions
143 Plays
143 Plays
143 Plays
Comments
Comments
Give Quiz Kudos
Give Quiz Kudos
-
- Ratings
hide this ad
Replay
Link that replays current quiz
Next Quiz
Link to next quiz in quiz playlist
You Got
0%
They Got
Avg Score
74%
Avg Friend Score
Upgrade to see
Score Distribution
Jump to the score distribution portion of the page
Score
0/50
Timer
10:00
0
Plays Today
Clue
Word
% Correct
Bengal, Siberian, Sumatran, or Pi's raftmate, e.g.
Tiger
97.2%
Sometime in the future, just not now
Later
94.4%
A beer or draught
Lager
93.7%
A hybrid between the above and Mufasa or Simba
Liger
93%
Texas hold'em, maybe
Poker
83.9%
_
_
_
to a crisp
Burnt
81.1%
Annoying finger touches
Pokes
80.4%
Curtsied, for a guy
Bowed
80.4%
Moved a boat with oars, much like the vikings
Rowed
79.7%
Opposite ends; north or south, e.g.
Poles
78.3%
Small openings, perhaps for sweat
Pores
78.3%
A pipe for waste
Sewer
77.6%
Made drowsy from lack of excitement, or drilled a hole
Bored
77.6%
Marks left by extreme temperatures
Burns
77.6%
Stories, such as those told by Chaucer about a certain English city
Tales
76.9%
Accepts, or multiple recordings of a scene
Takes
76.9%
A little _
_
_
_
of my appreciation
Token
76.9%
Spared from harm or loss
Saved
76.2%
Covered with stone or asphalt, e.g.
Paved
76.2%
Ticonderoga, Sumter, and Knox
Forts
76.2%
Small pies, usually filled with fruit
Tarts
76.2%
Got lighter in color, perhaps due to fear
Paled
75.5%
An exponent, or a force
Power
75.5%
Made a garment or flag
Sewed
74.8%
Married again
Rewed
74.8%
Clue
Word
% Correct
One who scatters seed
Sower
74.1%
Pushed a raft or gondola
Poled
73.4%
Coastal cities
Ports
73.4%
Treated a disease
Cured
73.4%
Wrongful acts resulting in injury, legally
Torts
72.7%
More than one capital of Switzerland?
Berns
72.7%
Raised to the third power
Cubed
72.7%
Charmed (with)
Taken
71.3%
Tips at the Monte Carlo
Tokes
71.3%
Organizes
Sorts
69.9%
Distributes pineapples?
Doles
69.2%
Valleys, o'er hill(s) and _
_
_
Dales
69.2%
Added lubricant
Lubed
69.2%
Fishing baits
Lures
67.8%
Canvas coverings
Tarps
67.1%
Attracted, as a siren
Lured
67.1%
More than one Al?
Gores
66.4%
Sea birds similar to gulls
Terns
66.4%
Satisfied, quenched
Sated
65.7%
Stabbed, much like a bull in Pamplona would
Gored
65.7%
User of chemistry.com
Dater
63.6%
Students from the University of Maryland at College Park
Terps
63.6%
Old or antique
Dated
61.5%
A graduated glass tube used for titrations
Buret
53.8%
A less common spelling of a surgical scoop-
like instrument
Curet
53.1%
Quiz Playlist
Details
Report
Send in Message
Add To Playlist
Classic:
Type in answers that appear in a list
Last Updated: Feb 16, 2017
Quiz Scoreboard
CHALLENGE
Sign Up to Join the Scoreboard
Show All
Scores
Hide
Comments
May contain spoilers
Recently Published
5x2 Blitz: Bands
by SL_Kpop136
Music
30s
Colored Red Africa Blitz
by spor1
Geography
30s
Find the 'City' Movie
by crazypaving
Movies
60s
More to Explore
Quiz From the Vault
Featured Blog Post
14 Easter Pick-up Lines to Find Eggs With
hide this ad
You Might Also Like...
Tags
Letter Quiz
Differ
Today's Top Quizzes in Language
Browse Language
hide this ad
Today's Top Quizzes in Letter
Browse Letter
Top Contributed Quizzes in Language
1
What Word Starts All?
2
Arabic Numerals
3
1-10 Letter F Words III
4
1-10 Letter G Words III
5
1-10 Letter H Words III
6
1-10 Letter I Words III
7
Latihan Huruf Hiragana KA KI KU KE KO
8
Weisst du, aus welchen Sprachen diese Wörter stammen?
9
1-10 Letter J Words III
10
1-10 Letter K Words III
Explore More
Trending Topics
Harry Potter
Crossword
Marvel
Anime
Kpop
Disney
NBA
Soccer
NFL
Country
Song
WWE
Puzzle
The Office
Pokémon
hide this ad
More By:
sreyno
Quiz
Plays
Rating
Category
Featured
Created
Harry Potter Chapter Characters
461
2.14
Literature
Nov 11, 2011
50 Word Chain
362
3.75
Language
Oct 24, 2010
Steps of the Cell Cycle
209
Science
Oct 25, 2010
Christmas Alphabetically
159
4.00
Holiday
Dec 8, 2011
50 Word Chain 2
143
3.75
Language
Oct 25, 2010
Go to Creator's Profile
Score Distribution
Quiz Creator Spotlight
sreyno
Follow
Send a Message
Quizzes Created
-
Created Quiz Play Count
-
More By This Creator
Popular Quizzes Today
1
Colored Red Africa Blitz
2
Find the US States - No Outlines Minefield
3
Find the 'City' Movie
4
5x2 Blitz: Bands
5
The Countries of the World
6
Find the US States
7
US States
8
Find the Countries of Europe - No Outlines Minefield
More Language Quizzes
► Commonest English Nouns
Curator's Pick
Trending Quizzes
Colored Red Europe Blitz I
Colored Red Europe Blitz II
Colored Red Africa Blitz II
Colored Red Europe Blitz III
Colored Red Africa Blitz III
Recently Updated
How Do You Spell That?
pecheneg
Godzilla Movies
pecheneg
Grab Bag: 4-10 Letters
pecheneg
2024 March Madness Bracket
pecheneg
Famous TV Couples
Peacemaker
Champions League XIs: Real Madrid
pecheneg
Largest US Cities 1790-2010
pecheneg
Rides in Walt Disney World
pecheneg
Most Oscar Losses (Acting)
pecheneg
Beyoncé Albums
pecheneg
Trending Topics
Harry Potter
NBA
Crossword
Marvel
Kpop
Anime
Disney
Country
Pokémon
NFL
Puzzle
The Office
Song
Soccer
WWE
Your Account Isn't Verified!
In order to create a playlist on Sporcle, you need to verify the email address you used during registration. Go to your
Sporcle Settings
to finish the process.
Report this User
Report this user for behavior that violates our
Community Guidelines
.
Details:
Send Report
Go to the Sporcle.com Mobile Site →
Comments